[Event "Camp. spagnolo a squadre - Gruppo I"]
[Site "Cala Mayor SPA"]
[Date "2008.09.06"]
[Round "4"]
[White "Gelfand, B."]
[Black "Bareev, E."]
[Result "1/2-1/2"]
[WhiteElo "2720"]
[BlackElo "2655"]
[PlyCount "54"]
[EventDate "2008.09.03"]
[Source "www.chesslib.no"]
[SourceDate "2004.05.04"]

1. d4 d5 2. c4 c6 3. Nf3 Nf6 4. Nc3 dxc4 5. a4 Bf5 6. Nh4 Bc8 7. e3 e5 8. Bxc4 exd4 9. exd4 Be7 10. O-O O-O 11. Nf3 Na6 12. Re1 Nc7 13. Qb3 Nfd5 14. Nxd5 Nxd5 15. Bxd5 cxd5 16. Bf4 a5 17. Rac1 Bb4 18. Bd2 Bxd2 19. Nxd2 Bd7 20. Nf3 Bc6 21. Ne5 Re8 22. Re3 Re6 23. h3 Be8 24. Qxb7 Rb6 25. Qc7 Rxb2 26. Qxd8 Rxd8 27. Nc6 Bxc6 1/2-1/2

[Event "RUS-chT"]
[Site "Tomsk"]
[Date "2001.05.15"]
[Round "3"]
[White "Filippov, Valerij"]
[Black "Bareev, Evgeny"]
[Result "1/2-1/2"]
[WhiteElo "2632"]
[BlackElo "2709"]
[PlyCount "109"]
[EventDate "2001.05.13"]
[Source "ChessBase"]
[SourceDate "2001.07.03"]

1. Nf3 d5 2. d4 Nf6 3. c4 c6 4. Nc3 dxc4 5. a4 Bf5 6. Nh4 Bc8 7. e3 e5 8. Bxc4 exd4 9. exd4 Be7 10. O-O O-O 11. Re1 Na6 12. Qb3 Nc7 13. Nf3 Nfd5 14. a5 Rb8 15. Ne5 Be6 16. Nxd5 Bxd5 17. Bf4 Bd6 18. Bg3 a6 19. Re3 Bxc4 20. Qxc4 Nd5 21. Rb3 Re8 22. Nd3 Bxg3 23. hxg3 h6 24. Nc5 Qc7 25. Qd3 Nf6 26. Qf5 h5 27. Qf4 Qd8 28. f3 Nd5 29. Qd2 h4 30. Qf2 hxg3 31. Qxg3 Nc7 32. Rd1 Nb5 33. Rbd3 Nc7 34. f4 Ne6 35. b4 Nxc5 36. dxc5 Qf6 37. Rd6 Qf5 38. Rd7 g6 39. Qh4 Kg7 40. Rc7 Re4 41. Rdd7 Rf8 42. Rxb7 Rxf4 43. Qe1 Qc2 44. Rd2 Qc4 45. Qe2 Qc3 46. Rd3 Qf6 47. Rd6 Qf5 48. Qd3 Qh5 49. Qc3+ Kg8 50. Re7 Rh4 51. Kf2 Rh1 52. Qf6 Qh2 53. Rd8 Qg1+ 54. Kg3 Qh2+ 55. Kf2 1/2-1/2

[Event "Wijk aan Zee"]
[Site "?"]
[Date "1996.??.??"]
[Round "?"]
[White "Piket Jeroen"]
[Black "Gelfand Boris"]
[Result "1/2-1/2"]
[WhiteElo "2570"]
[BlackElo "2700"]
[PlyCount "31"]
[EventDate "1996.??.??"]
[Source "www.chesslib.no"]
[SourceDate "2004.05.04"]

1. d4 d5 2. c4 c6 3. Nf3 Nf6 4. Nc3 dxc4 5. a4 Bf5 6. Ra3 e5 7. h4 c5 8. e4 cxd4 9. g3 Bg6 10. Ke2 Nd5 11. Bh3 a6 12. Na2 Nd7 13. Nh2 Ne7 14. Kf3 Nb6 15. Qg1 Bf5 16. b4 1/2-1/2

[Event "Kazan 85/339"]
[Site "?"]
[Date "2002.??.??"]
[Round "?"]
[White "Kharlov, A."]
[Black "Rublevsky, S."]
[Result "1/2-1/2"]
[WhiteElo "2609"]
[BlackElo "2658"]
[PlyCount "70"]
[EventDate "2002.??.??"]
[Source "Chess Informant"]
[SourceDate "2002.06.01"]

1. d4 d5 2. Nf3 Nf6 3. c4 c6 4. Nc3 dxc4 5. a4 Bf5 6. Nh4 Bc8 7. Nf3 Bf5 8. Ne5 Nbd7 9. Nxc4 Qc7 10. g3 e5 11. dxe5 Nxe5 12. Bf4 Nfd7 13. Bg2 f6 14. O-O Nc5 15. Bxe5 fxe5 16. Ne3 Bg6 17. b4 Ne6 18. b5 Rd8 19. Qb3 Nd4 20. Qb2 Bc5 21. Ne4 Be7 22. Rac1 O-O 23. Nc4 Bh5 24. f3 Kh8 25. g4 Bg6 26. e3 Bxe4 27. fxe4 Rxf1+ 28. Kxf1 Bg5 29. h4 cxb5 30. hxg5 bxc4 31. exd4 exd4 32. e5 Qxe5 33. Rxc4 Rf8+ 34. Kg1 Qe1+ 35. Kh2 Qh4+ 1/2-1/2

[Event "Antalya"]
[Site "?"]
[Date "2004.??.??"]
[Round "?"]
[White "Nyback, T."]
[Black "Ivanchuk, V."]
[Result "0-1"]
[WhiteElo "2545"]
[BlackElo "2715"]
[PlyCount "64"]
[EventDate "2004.??.??"]
[Source "Chess Informant"]
[SourceDate "2004.06.01"]

1. d4 d5 2. Nf3 Nf6 3. c4 c6 4. Nc3 dxc4 5. a4 Bf5 6. Nh4 Bd7 7. g3 e6 8. Bg2 c5 9. d5 exd5 10. Nxd5 Nc6 11. Qc2 Nxd5 12. Bxd5 Nb4 13. Qe4+ Be7 14. Bxc4 O-O 15. Nf5 Bxf5 16. Qxf5 Qd4 17. Bd3 Nxd3+ 18. Qxd3 Qb4+ 19. Kf1 c4 20. Qc2 Bf6 21. Kg2 Rfd8 22. Rb1 a6 23. Be3 b5 24. Rhc1 h6 25. h4 Rac8 26. axb5 axb5 27. Qe4 Qb3 28. Qc2 Qa2 29. Bd2 c3 30. Bxc3 b4 31. Ra1 Qd5+ 32. e4 Qe6 0-1

[Event "XXI Carlos Torre KO"]
[Site "Merida MES"]
[Date "2008.12.17"]
[Round "1.1"]
[White "Moiseenko, A1."]
[Black "Nogueiras Santiago, J."]
[Result "1/2-1/2"]
[WhiteElo "2678"]
[BlackElo "2574"]
[PlyCount "75"]
[EventDate "2008.12.17"]
[Source "www.chesslib.no"]
[SourceDate "2004.05.04"]

1. d4 d5 2. c4 c6 3. Nf3 Nf6 4. Nc3 dxc4 5. a4 Bf5 6. Nh4 e6 7. Nxf5 exf5 8. e3 Bb4 9. Bxc4 O-O 10. Qc2 g6 11. O-O Nbd7 12. f3 Ba5 13. Kh1 Rc8 14. e4 Nb6 15. Ba2 Qxd4 16. Bg5 Nh5 17. exf5 Nd5 18. fxg6 hxg6 19. Ne4 Qe5 20. Qf2 Kg7 21. Rad1 Bc7 22. g4 f5 23. gxh5 fxe4 24. f4 e3 25. Qg2 Qe6 26. Bxd5 cxd5 27. Qxd5 Qxd5+ 28. Rxd5 e2 29. Re1 Rce8 30. Rd7+ Rf7 31. h6+ Kg8 32. Rd2 Bxf4 33. Bxf4 Rxf4 34. Rexe2 Rxe2 35. Rxe2 Kh7 36. Re7+ Kxh6 37. Rxb7 Rxa4 38. Kg2 1/2-1/2

[Event "It (Open) INT"]
[Site "?"]
[Date "2006.05.06"]
[Round "?"]
[White "Grachev Boris"]
[Black "Bareev Evgeny"]
[Result "1-0"]
[WhiteElo "2543"]
[BlackElo "2701"]
[PlyCount "81"]
[EventDate "2006.??.??"]
[Source "www.chesslib.no"]
[SourceDate "2004.05.04"]

1. d4 d5 2. c4 c6 3. Nf3 Nf6 4. Nc3 dxc4 5. a4 Bf5 6. Nh4 Bc8 7. Nf3 Bf5 8. Nh4 Bc8 9. e3 e6 10. Bxc4 c5 11. O-O Nc6 12. Nf3 Be7 13. Ne5 cxd4 14. Nxc6 bxc6 15. exd4 O-O 16. a5 Rb8 17. Re1 Nd5 18. Ne4 Bb4 19. Bd2 Nf6 20. Bxb4 Rxb4 21. b3 Nxe4 22. Rxe4 Qd6 23. Qe1 Bd7 24. h4 Rd8 25. h5 h6 26. Qe3 Rbb8 27. Rg4 Kh8 28. Re1 Be8 29. Re4 Qb4 30. Re5 Bd7 31. g4 f6 32. Rc5 Re8 33. f4 Re7 34. g5 Rg8 35. Kh2 fxg5 36. fxg5 Rf7 37. gxh6 gxh6 38. Re2 Rf6 39. Qe5 Rgf8 40. Rf2 Qb8 41. Rxf6 1-0

[Event "Neum"]
[Site "?"]
[Date "2000.??.??"]
[Round "?"]
[White "Tukmakov, V."]
[Black "Georgiev, Ki"]
[Result "1-0"]
[WhiteElo "2580"]
[BlackElo "2660"]
[PlyCount "127"]
[EventDate "2000.??.??"]
[Source "Chess Informant"]
[SourceDate "2000.06.01"]

1. Nf3 d5 2. d4 Nf6 3. c4 c6 4. Nc3 dxc4 5. a4 Bf5 6. Nh4 e6 7. Nxf5 exf5 8. e3 Bb4 9. Bxc4 O-O 10. O-O Nbd7 11. Bd2 Qe7 12. Qc2 g6 13. Rfd1 a5 14. Ne2 Bd6 15. Qb3 Ne4 16. Be1 Bc7 17. Rac1 Nb6 18. d5 Nd6 19. Qa3 Qe5 20. Bc3 Qe4 21. Bd3 Qxa4 22. dxc6 bxc6 23. Bd4 Qxa3 24. bxa3 Nd5 25. Rxc6 Rfd8 26. Rdc1 Bb8 27. R6c5 Ne7 28. Bf6 Kf8 29. Nd4 Re8 30. Nc6 Nxc6 31. Rxc6 Ra7 32. Bd4 Rd7 33. Ra6 f4 34. Rxa5 fxe3 35. fxe3 f5 36. g3 h5 37. a4 Kf7 38. Rc6 Rb7 39. Raa6 Rd8 40. Rab6 Rxb6 41. Bxb6 Rd7 42. a5 Ke6 43. Bb5 Rh7 44. a6 Ba7 45. Bc4+ Ke5 46. Bd4+ Bxd4 47. exd4+ Kxd4 48. Bg8 Rd7 49. a7 Rxa7 50. Rxd6+ Ke3 51. Rxg6 f4 52. Kg2 f3+ 53. Kh3 Ra1 54. Re6+ Kf2 55. Rf6 Ra5 56. Rb6 Rc5 57. Rb3 Ke2 58. Bh7 Rd5 59. Be4 f2 60. Rb2+ Ke3 61. Bg2 Rd1 62. Rb3+ Ke2 63. Bf3+ Ke1 64. Re3+ 1-0

[Event "Russia (ch-m/1)"]
[Site "?"]
[Date "1999.??.??"]
[Round "?"]
[White "Sakaev, K."]
[Black "Kobalija, M."]
[Result "1-0"]
[WhiteElo "2645"]
[BlackElo "2570"]
[PlyCount "63"]
[EventDate "1999.??.??"]
[Source "Chess Informant"]
[SourceDate "1999.10.01"]

1. d4 d5 2. c4 c6 3. Nf3 Nf6 4. Nc3 dxc4 5. a4 Bf5 6. Nh4 e6 7. Nxf5 exf5 8. e3 Bb4 9. Bxc4 O-O 10. O-O Nbd7 11. Qc2 g6 12. f3 Nb6 13. Bb3 a5 14. Qf2 Kg7 15. Bd2 Qd6 16. Rad1 Rad8 17. Kh1 Qe7 18. Rfe1 c5 19. Qh4 c4 20. Bc2 Nh5 21. Qf2 Qf6 22. e4 fxe4 23. g4 Nf4 24. Nxe4 Qc6 25. Bxf4 Bxe1 26. Rxe1 Nd7 27. g5 Rfe8 28. Kg2 Kg8 29. Rd1 f5 30. d5 Qa6 31. Nd6 Re7 32. Re1 1-0

[Event "Russia"]
[Site "?"]
[Date "2004.??.??"]
[Round "?"]
[White "Sakaev, K."]
[Black "Popov, Val"]
[Result "1/2-1/2"]
[WhiteElo "2665"]
[BlackElo "2545"]
[PlyCount "28"]
[EventDate "2004.??.??"]
[Source "Chess Informant"]
[SourceDate "2004.06.01"]

1. d4 d5 2. c4 c6 3. Nf3 Nf6 4. Nc3 dxc4 5. a4 Bf5 6. Nh4 Bd7 7. g3 e6 8. Bg2 c5 9. d5 Nxd5 10. Nxd5 exd5 11. Qxd5 Nc6 12. Qxc4 Be7 13. Be3 O-O 14. O-O Na5 1/2-1/2

[Event "Benasque"]
[Site "Benasque"]
[Date "1995.??.??"]
[Round "7"]
[White "Psakhis, Lev"]
[Black "Miles, Anthony J"]
[Result "1/2-1/2"]
[WhiteElo "2610"]
[BlackElo "2600"]
[PlyCount "33"]
[EventDate "1995.07.??"]
[Source "ChessBase"]

1. d4 d5 2. c4 c6 3. Nf3 Nf6 4. Nc3 dxc4 5. a4 Bf5 6. Nh4 Bc8 7. e3 e5 8. Bxc4 exd4 9. exd4 Be7 10. O-O O-O 11. h3 Na6 12. Re1 Nc7 13. Nf3 Be6 14. Bd3 Re8 15. Ng5 Bd5 16. Nxd5 Ncxd5 17. Nf3 1/2-1/2

[Event "Europa ch 2008"]
[Site "Plovdiv BUL"]
[Date "2008.05.02"]
[Round "11.30"]
[White "Ivanisevic, Ivan"]
[Black "Balogh, Csaba"]
[Result "1-0"]
[WhiteElo "2649"]
[BlackElo "2559"]
[PlyCount "89"]
[EventDate "2008.04.21"]
[Source "www.chesslib.no"]
[SourceDate "2004.05.04"]

1. d4 d5 2. c4 c6 3. Nc3 Nf6 4. Nf3 dxc4 5. a4 Bf5 6. Nh4 e6 7. Nxf5 exf5 8. Bg5 Bb4 9. e3 Nbd7 10. Bxc4 Qa5 11. O-O Bxc3 12. bxc3 Ne4 13. Bh4 Qxc3 14. Rc1 Qb4 15. Bd3 Qd6 16. f3 Qh6 17. Qe1 Nd2 18. Qxd2 Qxh4 19. Bxf5 Nb6 20. e4 Nxa4 21. Qb4 Nb6 22. d5 Rd8 23. dxc6 bxc6 24. Rxc6 Qe7 25. Qxe7+ Kxe7 26. Ra1 Ra8 27. e5 Rhd8 28. Be4 Nd7 29. Rc7 Rac8 30. Raxa7 Rxc7 31. Rxc7 Ke6 32. f4 g6 33. Bc2 Rb8 34. g3 Rb4 35. Bd3 Nb6 36. Rc5 Ke7 37. Kg2 Rd4 38. Ba6 Rd2+ 39. Kh3 Nd5 40. Bb5 h5 41. Rc8 f5 42. Re8+ Kf7 43. Ra8 Kg7 44. Ra7+ Kh6 45. Rd7 1-0

[Event "Calvia (ol)"]
[Site "?"]
[Date "2004.??.??"]
[Round "?"]
[White "Damljanovic, B."]
[Black "Georgiev, Ki"]
[Result "0-1"]
[WhiteElo "2575"]
[BlackElo "2625"]
[PlyCount "120"]
[EventDate "2004.??.??"]
[Source "Chess Informant"]
[SourceDate "2004.10.01"]

1. d4 d5 2. c4 c6 3. Nf3 Nf6 4. Nc3 dxc4 5. a4 Bf5 6. Nh4 Bd7 7. e4 e6 8. g3 Bb4 9. Bg2 c5 10. d5 exd5 11. exd5 Qe7+ 12. Kf1 Bg4 13. Qc2 O-O 14. h3 Bh5 15. Bf4 Re8 16. g4 Bg6 17. Nxg6 hxg6 18. d6 Qd7 19. Nb5 Nc6 20. Qxc4 Rad8 21. Nc7 Re5 22. Bxe5 Nxe5 23. Qe2 Qxd6 24. Nb5 Qb8 25. Rd1 Re8 26. Nd6 Re7 27. Bf3 g5 28. Nf5 Re6 29. h4 Nexg4 30. Qd3 Nh2+ 31. Kg2 Nxf3 32. Qd8+ Re8 33. Qxb8 Rxb8 34. hxg5 Nxg5 35. Ne7+ Kf8 36. Rh8+ Kxe7 37. Rxb8 b6 38. Rb7+ Ke6 39. Rxa7 Nge4 40. Rd8 Nd6 41. Rb8 Nd5 42. b3 g6 43. Rd8 Bc3 44. Kf3 g5 45. Kg2 f6 46. Rb8 Bb4 47. Rd8 Bd2 48. Kf1 g4 49. Rg8 f5 50. Rg6+ Ke5 51. Rd7 Ne4 52. Rd8 Nec3 53. Rxb6 Nxb6 54. Rxd2 Nbd5 55. Rc2 Kd6 56. Kg2 Ne4 57. Rc1 Nd2 58. Kg3 Nxb3 59. Rb1 c4 60. f3 gxf3 0-1

[Event "Petrosian Memorial"]
[Site "Erevan ARM"]
[Date "1994.??.??"]
[Round "?"]
[White "Lputian, Smbat G"]
[Black "Akopian, Vladimir E"]
[Result "1/2-1/2"]
[WhiteElo "2590"]
[BlackElo "2605"]
[PlyCount "77"]
[EventDate "1994.??.??"]
[Source "www.chesslib.no"]
[SourceDate "2004.05.04"]

1. d4 d5 2. c4 c6 3. Nc3 Nf6 4. Nf3 dxc4 5. a4 Bf5 6. Nh4 Bc8 7. e3 e5 8. Bxc4 exd4 9. exd4 Be7 10. O-O O-O 11. Re1 Nd5 12. Nf3 Na6 13. Bxd5 cxd5 14. Nxd5 Qxd5 15. Rxe7 Bg4 16. h3 Bh5 17. Ra3 Rad8 18. Qb3 Bxf3 19. Qxf3 Qxd4 20. Bf4 Nc5 21. Be5 Qd2 22. Re3 Qd1+ 23. Kh2 Qxf3 24. Rxf3 f6 25. Bc7 Rde8 26. Bd6 Ne4 27. Rxe8 Rxe8 28. Bb4 Rc8 29. Rd3 Rc7 30. f3 Ng5 31. Rd8+ Kf7 32. h4 Ne6 33. Ra8 a6 34. Rc8 Rd7 35. Kg3 h5 36. a5 Nd4 37. Bc5 Nf5+ 38. Kh3 Ne7 39. b4 1/2-1/2

[Event "Erevan"]
[Site "?"]
[Date "1989.??.??"]
[Round "?"]
[White "Azmayparashvili, Z."]
[Black "Ivanchuk, V."]
[Result "1/2-1/2"]
[WhiteElo "2560"]
[BlackElo "2635"]
[PlyCount "82"]
[EventDate "1989.??.??"]
[Source "ChessBase"]
[SourceDate "1989.07.01"]

1. c4 c6 2. d4 d5 3. Nf3 Nf6 4. Nc3 dxc4 5. a4 Bf5 6. Nh4 Bc8 7. Nf3 Bf5 8. Ne5 e6 9. f3 Bb4 10. Qd2 c5 11. dxc5 Nd5 12. e4 Qf6 13. Qd4 Nd7 14. Bf4 Bxe4 15. fxe4 Qxf4 16. Nxd7 O-O-O 17. g3 Qe3+ 18. Qxe3 Nxe3 19. Ne5 Nc2+ 20. Ke2 Nxa1 21. Nxf7 Nb3 22. Nxh8 Rxh8 23. Bh3 Nd4+ 24. Kd2 Rd8 25. Rd1 Bxc5 26. Kc1 a6 27. Nd5 b5 28. Nf4 Re8 29. Kb1 Kb7 30. Bg4 Kb6 31. e5 Ka5 32. axb5 axb5 33. Ne2 Nc6 34. Nf4 Nxe5 35. Bxe6 g5 36. Rd5 gxf4 37. Rxe5 Bd6 38. Rxb5+ Kxb5 39. Bd7+ Kb4 40. Bxe8 fxg3 41. hxg3 Bxg3 1/2-1/2

[Event "FIDE.com"]
[Site "?"]
[Date "2001.10.10"]
[Round "1"]
[White "Shipov Sergei"]
[Black "Wojtkiewicz Aleksander"]
[Result "1/2-1/2"]
[WhiteElo "2625"]
[BlackElo "2568"]
[PlyCount "36"]
[EventDate "2001.??.??"]
[Source "www.chesslib.no"]
[SourceDate "2004.05.04"]

1. d4 d5 2. c4 c6 3. Nc3 Nf6 4. Nf3 dxc4 5. a4 Bf5 6. Nh4 Bc8 7. e3 e5 8. Bxc4 exd4 9. exd4 Be7 10. O-O O-O 11. Re1 Na6 12. Bg5 Nc7 13. Qb3 Rb8 14. Rad1 Bg4 15. f3 Bd7 16. Qc2 Nfd5 17. Bxe7 Nxe7 18. Ba2 Ned5 1/2-1/2

[Event "8th WUCC"]
[Site "Instanbul"]
[Date "2004.09.07"]
[Round "4"]
[White "Bocharov, Dmitry"]
[Black "Smirnov, Pavel"]
[Result "0-1"]
[WhiteElo "2569"]
[BlackElo "2620"]
[PlyCount "76"]
[EventDate "2004.09.05"]
[Source "Roberto Alvarez"]
[SourceDate "2004.09.21"]

1. d4 d5 2. c4 c6 3. Nf3 Nf6 4. Nc3 dxc4 5. a4 Bf5 6. Nh4 e6 7. Nxf5 exf5 8. e3 Bb4 9. Bxc4 O-O 10. Qc2 g6 11. O-O Nbd7 12. f3 Rc8 13. Na2 Be7 14. b4 Nb6 15. Bb3 f4 16. a5 Nbd5 17. e4 Nxb4 18. Qc3 c5 19. Nxb4 cxb4 20. Qb2 Rc3 21. Rd1 Nh5 22. Bd5 Nf6 23. Bxb7 Qc7 24. a6 Rd8 25. Kh1 Qc4 26. Bxf4 Rc2 27. Rdc1 b3 28. d5 Nh5 29. Rxc2 bxc2 30. Be3 Qe2 31. Qd4 Bb4 32. Bg5 f6 33. Bh6 g5 34. d6 Bd2 35. e5 Nf4 36. Bd5+ Kh8 37. Qg1 Nxd5 38. exf6 Be3 0-1

[Event "Masters"]
[Site "Abu Dhabi"]
[Date "2004.08.16"]
[Round "3"]
[White "Bocharov, Dmitry"]
[Black "Kobalija, Mihail"]
[Result "1/2-1/2"]
[WhiteElo "2569"]
[BlackElo "2618"]
[PlyCount "44"]
[EventDate "2004.08.14"]
[Source "Roberto Alvarez"]
[SourceDate "2004.08.30"]

1. d4 d5 2. c4 c6 3. Nf3 Nf6 4. Nc3 dxc4 5. a4 Bf5 6. Nh4 Bd7 7. e3 e6 8. Bxc4 c5 9. O-O Nc6 10. Nf3 Be7 11. dxc5 Bxc5 12. Qe2 Qb8 13. Rd1 Ne5 14. Nxe5 Qxe5 15. Bb5 Bc6 16. Bxc6+ bxc6 17. Qc4 O-O 18. b4 Be7 19. Bb2 Rab8 20. b5 cxb5 21. axb5 Rfc8 22. Qd4 Qxd4 1/2-1/2

[Event "Chess Classics Masters"]
[Site "Frankfurt"]
[Date "1998.06.17"]
[Round "1"]
[White "Kortschnoj, Viktor"]
[Black "Huebner, Robert"]
[Result "0-1"]
[WhiteElo "2625"]
[BlackElo "2560"]
[PlyCount "76"]
[EventDate "1998.06.17"]
[Source "ChessBase"]
[SourceDate "1998.09.09"]

1. d4 Nf6 2. c4 c6 3. Nc3 d5 4. Nf3 dxc4 5. a4 Bf5 6. Nh4 e6 7. Nxf5 exf5 8. e3 Bb4 9. Bxc4 O-O 10. O-O Nbd7 11. Qc2 g6 12. Bd2 Nb6 13. Be2 a5 14. Rad1 Re8 15. Bc1 Qe7 16. Bf3 Rad8 17. g3 Nbd5 18. Bg2 Ne4 19. Bd2 Qe6 20. Nxd5 Qxd5 21. Bxb4 axb4 22. Rc1 Ra8 23. b3 Ra5 24. Bxe4 fxe4 25. Qc4 Qd6 26. f3 exf3 27. Rxf3 Rd5 28. a5 Re6 29. a6 bxa6 30. Qxa6 Qe7 31. Kf2 Rdd6 32. Rc5 Rf6 33. Re5 Qd7 34. Qe2 Kg7 35. Kg2 Rde6 36. Rxf6 Rxf6 37. h3 Qa7 38. Qb2 Qa6 0-1

[Event "Amsterdam"]
[Site "?"]
[Date "2000.??.??"]
[Round "?"]
[White "Tregubov, P."]
[Black "Van der Sterren, P."]
[Result "1-0"]
[WhiteElo "2620"]
[BlackElo "2565"]
[PlyCount "47"]
[EventDate "2000.??.??"]
[Source "Chess Informant"]
[SourceDate "2000.06.01"]

1. d4 d5 2. Nf3 Nf6 3. c4 c6 4. Nc3 dxc4 5. a4 Bf5 6. Nh4 e6 7. Nxf5 exf5 8. e3 Bd6 9. Bxc4 g6 10. f3 Qc7 11. e4 Bxh2 12. e5 Bg3+ 13. Kf1 Nh5 14. Rxh5 gxh5 15. f4 h4 16. Qh5 Na6 17. Qxf5 Rd8 18. Be3 Nb4 19. Ne4 Nd5 20. Bxd5 cxd5 21. Rc1 Qxc1+ 22. Bxc1 dxe4 23. e6 Rf8 24. Bd2 1-0

[Event "Kuban 99"]
[Site "Krasnodar RUS"]
[Date "1999.11.16"]
[Round "4"]
[White "Tregubov, P."]
[Black "Sorokin, M."]
[Result "1/2-1/2"]
[WhiteElo "2609"]
[BlackElo "2574"]
[PlyCount "49"]
[EventDate "1999.11.13"]
[Source "www.chesslib.no"]
[SourceDate "2004.05.04"]

1. d4 d5 2. c4 c6 3. Nf3 Nf6 4. Nc3 dxc4 5. a4 Bf5 6. Nh4 Bc8 7. e3 e6 8. Bxc4 c5 9. O-O Nc6 10. Nf3 Be7 11. Qe2 cxd4 12. Rd1 O-O 13. exd4 Nd5 14. Ne5 Nxc3 15. bxc3 Nxe5 16. dxe5 Qc7 17. Rd4 Rd8 18. Rg4 Bd7 19. Bh6 g6 20. h4 Rac8 21. h5 Be8 22. Qe3 Qb6 23. Qc1 Rc6 24. Bg5 Qc7 25. hxg6 1/2-1/2

[Event "Reykjavik"]
[Site "?"]
[Date "2000.??.??"]
[Round "?"]
[White "Sokolov, I."]
[Black "Hillarp Persson, T."]
[Result "1-0"]
[WhiteElo "2635"]
[BlackElo "2545"]
[PlyCount "91"]
[EventDate "2000.??.??"]
[Source "Chess Informant"]
[SourceDate "2000.02.01"]

1. d4 d5 2. c4 c6 3. Nf3 Nf6 4. Nc3 dxc4 5. a4 Bf5 6. Nh4 Bg4 7. h3 Bh5 8. g4 Bg6 9. Nxg6 hxg6 10. e3 e6 11. Bxc4 Bb4 12. Qf3 Qa5 13. Bd2 Nbd7 14. h4 Nb6 15. Bb3 Rd8 16. g5 Nfd5 17. Rc1 c5 18. h5 cxd4 19. exd4 Rxh5 20. Rxh5 gxh5 21. Qxh5 g6 22. Qh8+ Ke7 23. Qe5 Rd6 24. Kf1 Qa6+ 25. Nb5 Qxb5+ 26. axb5 Bxd2 27. Ra1 Bf4 28. Qh8 Rd8 29. Qh4 Bb8 30. Qe4 Rd7 31. Qf3 Bf4 32. Rxa7 Bxg5 33. Bxd5 Nxd5 34. Qg3 Bf4 35. Qh4+ g5 36. Qh8 b6 37. Ra8 Nc7 38. Rf8 Nd5 39. Qg7 Kd6 40. Rxf7 Rxf7 41. Qxf7 Nc7 42. Kg2 Bc1 43. Qf8+ Kd7 44. Qb8 Nd5 45. Qb7+ Kd8 46. Qc6 1-0

[Event "15th Open"]
[Site "Leuven"]
[Date "2003.11.10"]
[Round "7"]
[White "Epishin, Vladimir"]
[Black "Torre, Eugenio"]
[Result "1/2-1/2"]
[WhiteElo "2658"]
[BlackElo "2520"]
[PlyCount "117"]
[EventDate "2003.11.07"]
[Source "Roberto Alvarez"]
[SourceDate "2003.11.17"]

1. d4 d5 2. c4 c6 3. Nf3 Nf6 4. Nc3 dxc4 5. a4 Bf5 6. Nh4 Bd7 7. e4 e6 8. g3 Bb4 9. Bg2 c5 10. O-O cxd4 11. Qxd4 Nc6 12. Qxc4 Qa5 13. Nf3 Rc8 14. Qe2 O-O 15. e5 Nd5 16. Ne4 Qa6 17. Qxa6 bxa6 18. Rd1 Na5 19. Bd2 Bxd2 20. Nfxd2 Bc6 21. Rdc1 Nb4 22. Rc5 Bxe4 23. Nxe4 Nb3 24. Rxc8 Rxc8 25. Rd1 Rc1 26. Rxc1 Nxc1 27. f4 Nbd3 28. Bf1 Nxb2 29. Nc5 a5 30. Kf2 Na2 31. Bb5 Nc3 32. Bc6 Nc4 33. Kf3 Kf8 34. Ne4 Nxe4 35. Kxe4 Nd2+ 36. Kd4 Nf1 37. Kc5 Nxh2 38. Kb5 Ke7 39. Kxa5 Kd8 40. Ka6 Kc7 41. Be8 f6 42. f5 Ng4 43. fxe6 Nxe5 44. Kxa7 Kd6 45. Bb5 Nf3 46. Kb6 Nd4 47. Bc4 Nc6 48. a5 Nxa5 49. Kxa5 f5 50. Kb4 g5 51. Kc3 h5 52. Kd4 h4 53. gxh4 gxh4 54. Ke3 h3 55. Kf2 f4 56. Kf3 Ke7 57. Bd5 Kf6 58. Kxf4 h2 59. Kg3 1/2-1/2

[Event "Chess Masters 3rd"]
[Site "Enghien les Bains"]
[Date "1999.03.12"]
[Round "9"]
[White "Salov, Valery"]
[Black "Rausis, Igors"]
[Result "0-1"]
[WhiteElo "2670"]
[BlackElo "2508"]
[PlyCount "72"]
[EventDate "1999.03.03"]
[Source "ChessBase"]
[SourceDate "1999.06.08"]

1. d4 d5 2. c4 c6 3. Nf3 Nf6 4. Nc3 dxc4 5. a4 Bf5 6. Nh4 e6 7. Nxf5 exf5 8. Bg5 Bb4 9. e3 Qa5 10. Bxf6 Bxc3+ 11. bxc3 Qxc3+ 12. Ke2 gxf6 13. g3 Nd7 14. Bh3 b5 15. Bxf5 Nb6 16. Qb1 Nxa4 17. Qe4+ Kf8 18. Qxc6 Kg7 19. h4 Rhe8 20. Kf3 Qa5 21. h5 h6 22. Bd7 Reb8 23. Rh4 Qd8 24. Rg4+ Kh8 25. Qd5 Qe7 26. Bc6 Nc3 27. Qc5 Qxc5 28. dxc5 a5 29. Bxa8 Rxa8 30. Rc1 Na2 31. Rb1 c3 32. Rxb5 c2 33. Rc4 c1=Q 34. Rxc1 Nxc1 35. Ke4 Na2 36. c6 Nc3+ 0-1

[Event "Bad Zwesten op 6th"]
[Site "Bad Zwesten"]
[Date "2002.01.10"]
[Round "9"]
[White "Epishin, Vladimir"]
[Black "Bauer, Christian"]
[Result "1/2-1/2"]
[WhiteElo "2599"]
[BlackElo "2578"]
[PlyCount "39"]
[EventDate "2002.01.04"]
[Source "ChessBase"]
[SourceDate "2002.03.14"]

1. d4 d5 2. c4 c6 3. Nc3 Nf6 4. Nf3 dxc4 5. a4 Bf5 6. Nh4 Bc8 7. e3 e5 8. Bxc4 exd4 9. exd4 Be7 10. Nf3 O-O 11. O-O Bg4 12. Be3 Na6 13. h3 Bh5 14. g4 Bg6 15. Bxa6 bxa6 16. Ne5 Rc8 17. f4 Be4 18. Bf2 Bd5 19. Qe2 a5 20. g5 1/2-1/2

[Event "III President's Cup"]
[Site "Baku AZE"]
[Date "2008.05.18"]
[Round "7"]
[White "Kazhgaleyev, M."]
[Black "Savchenko, S."]
[Result "1/2-1/2"]
[WhiteElo "2617"]
[BlackElo "2560"]
[PlyCount "43"]
[EventDate "2008.05.12"]
[Source "www.chesslib.no"]
[SourceDate "2004.05.04"]

1. d4 d5 2. c4 c6 3. Nc3 Nf6 4. Nf3 dxc4 5. a4 Bf5 6. Nh4 Bg4 7. h3 Bh5 8. g4 Bg6 9. Nxg6 hxg6 10. e3 e6 11. Bg2 Nbd7 12. Qe2 Bb4 13. Qxc4 a5 14. O-O O-O 15. Rd1 Rc8 16. Na2 Bd6 17. Bd2 Nd5 18. Qb3 Rb8 19. Nc3 g5 20. Ne2 Re8 21. Kf1 Bf8 22. e4 1/2-1/2

[Event "Olimpiadi 2008 - open"]
[Site "Dresda GER"]
[Date "2008.11.14"]
[Round "2"]
[White "Fressinet, L."]
[Black "Moradiabadi, E."]
[Result "1-0"]
[WhiteElo "2676"]
[BlackElo "2499"]
[PlyCount "81"]
[EventDate "2008.11.13"]
[Source "www.chesslib.no"]
[SourceDate "2004.05.04"]

1. d4 d5 2. Nf3 Nf6 3. c4 c6 4. Nc3 dxc4 5. a4 Bf5 6. Nh4 Bc8 7. e3 Bg4 8. Qc2 e6 9. Bxc4 Nbd7 10. h3 Bh5 11. g4 Nd5 12. Nf3 Bg6 13. e4 N7f6 14. Bg5 Nxc3 15. bxc3 Bxe4 16. Qe2 Qa5 17. Bd2 Bd5 18. Rb1 Bd6 19. Rxb7 O-O 20. Bd3 Qxa4 21. c4 Bxf3 22. Qxf3 Qa1+ 23. Ke2 Qxd4 24. g5 Ne8 25. Qxc6 Rd8 26. Be3 Qh4 27. Qe4 Qxe4 28. Bxe4 f5 29. Bc6 Rf7 30. Rhb1 Be5 31. f4 Bc7 32. Rxa7 Nd6 33. Rd1 Nxc4 34. Rxd8+ Bxd8 35. Ra8 Rc7 36. Rxd8+ Kf7 37. Rd7+ Rxd7 38. Bxd7 h6 39. h4 hxg5 40. hxg5 e5 41. Bxf5 1-0

[Event "ch-SRB"]
[Site "Mataruska Banja SRB"]
[Date "2008.03.24"]
[Round "9"]
[White "Ivanisevic, I."]
[Black "Pikula, D."]
[Result "0-1"]
[WhiteElo "2649"]
[BlackElo "2524"]
[PlyCount "122"]
[EventDate "2008.03.15"]
[Source "www.chesslib.no"]
[SourceDate "2004.05.04"]

1. d4 d5 2. c4 c6 3. Nf3 Nf6 4. Nc3 dxc4 5. a4 Bf5 6. g3 Na6 7. Nh4 Be6 8. Bg2 g6 9. O-O Bg7 10. Nf3 O-O 11. h3 h6 12. e4 Nb4 13. Be3 a5 14. Qe2 Ne8 15. Rfd1 Nd6 16. Ne5 Qe8 17. f4 f6 18. Nf3 f5 19. e5 Nc8 20. d5 Bxd5 21. Nxd5 cxd5 22. Bc5 e6 23. b3 cxb3 24. Nd4 Rf7 25. Bxb4 axb4 26. Nxe6 Qxe6 27. Bxd5 Qe8 28. Bxb3 Kh7 29. Bxf7 Qxf7 30. Rac1 Qb3 31. Rd3 Qe6 32. Qc2 Na7 33. Rd6 Qe8 34. Rcd1 Rc8 35. Qb3 Nc6 36. Rd7 Nxe5 37. fxe5 Qxe5 38. R7d5 Qe7 39. Qf3 Rc3 40. R5d3 Qc5+ 41. Kh1 Ra3 42. Re1 h5 43. h4 b6 44. Red1 Qc2 45. Qf1 Qc6+ 46. Qg2 Qxa4 47. Qb7 Ra1 48. Rxa1 Qxa1+ 49. Kg2 Qa2+ 50. Kf3 Qb1 51. Rd7 Qf1+ 52. Ke3 Qe1+ 53. Kf3 Qc3+ 54. Kg2 b3 55. Qxb6 b2 56. Rb7 Qe5 57. Qb3 Qe4+ 58. Kf2 f4 59. Qxb2 Qe3+ 60. Kf1 Qf3+ 61. Ke1 Qh1+ 0-1